=LDR 00000nam 2200000 4500 =001 INLIS000000000005600 =005 20130612093831 =008 ***********************************Ind** =035 ##$$0010-061300000005600 =041 ##$$a Ind =082 ##$$a 120 =090 ##$$a 120, Puj m =100 ##$$a Pujawiyatna =245 ##$$a Manusia dengan alamnya, Filasafat manusia, Prof. Ir. Poedjawijatna =260 ##$$a 1983 $b Jakarta =300 ##$$a 182 hlm., 21 cm =650 ##$$a filsafat - Manusia =850 ##$$a NBPNMAT